Natación: ayudas metodológicas para la enseñanza
Збережено в:
| Автор: | |
|---|---|
| Формат: | Книга |
| Мова: | Іспанська |
| Опубліковано: |
Buenos Aires
Kapelusz
1978
|
| Серія: | Colección de Educación Física
|
| Предмети: | |
| Теги: |
Додати тег
Немає тегів, Будьте першим, хто поставить тег для цього запису!
|
MARC
| LEADER | 00000nam a2200000 a 4500 | ||
|---|---|---|---|
| 001 | UCW3341 | ||
| 003 | CL-VaPUC | ||
| 008 | 880726e19780000AG |||||||||||||||||spa|d | ||
| 082 | 0 | 4 | |a 797.21 |b BRO |2 21 |
| 100 | 0 | |a Brockmann, Peter |e author |9 307543 | |
| 245 | 1 | 0 | |a Natación: ayudas metodológicas para la enseñanza |
| 300 | |a 117 p | ||
| 942 | |c BK | ||
| 945 | |d 19880726 00:00:00 | ||
| 260 | |a Buenos Aires |b Kapelusz |c 1978 | ||
| 650 | 0 | |a Natación |9 307454 | |
| 650 | 0 | |a Métodos de enseñanza |9 270413 | |
| 583 | |a last modification |c 19880726 00:00:00 |k Rodrigo Vera | ||
| 490 | 0 | |a Colección de Educación Física | |
| 999 | |c 217412 |d 217410 | ||
| 952 | |0 0 |1 0 |4 0 |6 797_210000000000000_BRO_1978 |7 0 |8 P |9 204908 |a BIBEDU |b BIBEDU |c BIBEDU_PB |d 2019-11-15 |i 2727080 |o 797.21 BRO 1978 |p 2727080 |r 2024-01-25 |w 2019-11-15 |y BK |k EDU | ||
| 952 | |0 0 |1 0 |4 0 |6 797_210000000000000_BRO_1978 |7 0 |8 P |9 204909 |a BIBEDU |b BIBEDU |c BIBEDU_PB |d 2019-11-15 |i 2727099 |o 797.21 BRO 1978 |p 2727099 |r 2024-01-25 |w 2019-11-15 |y BK |k EDU | ||
| 952 | |0 0 |1 0 |4 0 |6 797_210000000000000_BRO_1978 |7 0 |8 P |9 204910 |a BIBEDU |b BIBEDU |c BIBEDU_PB |d 2019-11-15 |i 1551175 |o 797.21 BRO 1978 |p 1551175 |r 2024-01-25 |w 2019-11-15 |y BK |k EFI | ||
| 952 | |0 0 |1 0 |4 0 |6 797_210000000000000_BRO_1978 |7 0 |8 P |9 204911 |a BIBEDU |b BIBEDU |c BIBEDU_PB |d 2019-11-15 |i 1551183 |o 797.21 BRO 1978 |p 1551183 |r 2024-01-25 |w 2019-11-15 |y BK |k EFI | ||